แสดงรายละเอียดบรรณานุกรม
  กลับหน้าหลัก

Brief Record : Get Marc (ISO 2709) : E-mail record : QR code ปิดหน้าต่าง
E-books : เกี่ยวกับ Collections
LEADER 00000nama 2200000uu 4500
008    040531s|||| th m m a000 0 tha d
020    974-9666-60-7
041    tha
050    H62 พ532ว 2548
100    พัฒนา กิติอาษา.
245    วิจัยท้องถิ่น...เฮ็ดจั่งซี่ : บทเรียนการวิจัยเพื่อท้องถิ่นจากทุ่งกุลาร้องไห้และลุ่มน้ำมูนตอนกลาง / พัฒนา กิติอาษา.
260    2548. สำนักงานกองทุนสนับสนุนการวิจัย (สวก) นครราชสีมา.
300    75 หน้า.
650    1. การพัฒนาชุมชน--ไทย--วิจัย. 2. ทุ่งกุลาร้องไห้ (ร้อยเอ็ด).
995    001
รายการนี้ยังไม่มีแท็ก
คุณยังไม่ได้ล็อกอิน คุณสามารถมีกิจกรรมร่วมกับเว็บไซต์ได้ แต่ต้องล็อกอินก่อน ::
  ล็อกอิน
ลำดับที่ ประเภท เลขเรียก สถานที่ สถานะ
1. หนังสือทั่วไป
หนังสือทั่วไป
H62 พ532ว 2548  
  
หนังสือทั่วไป On Shelf
  ขอยืม
2. หนังสือทั่วไป
หนังสือทั่วไป
H62 พ532ว 2548  
  
หนังสือทั่วไป On Shelf
  ขอยืม
3. หนังสือทั่วไป
หนังสือทั่วไป
H62 พ532ว 2548  
  
หนังสือทั่วไป On Shelf
  ขอยืม
   [แสดง 3/3 รายการ]

BibComment


ยังไม่เคยถูกคอมเมนท์

คอมเมนท์ทรัพยากรรายการนี้
  คอมเมนท์: วิจัยท้องถิ่นเฮ็ด..
Bib 197262

 
 
 

 Union Library Management : ULibM
Copyright 2026. All Rights Reserved.
скачать бесплатно без регистрации порно красивый секс HD Sex Hindi sex

xxx gou

xxxx

bfxxx

xxxwww

Секса Видео

xxxx

Секса Видео

detube

geilexxx

C99 Shell

worms shell

blod xxx video
Ebony Coed Rihanna Rimes Takes A Dick In Her Young Twat priyaa indian fuck anal and pusssy hardcore indian women xxx desi hardcore fucking part 1 bengalixxxcouple